Szczegóły MARC21

Przedsiębiorczość społeczna jako forma aktywności ekonomicznej i społecznej w woj. zachodniopomorskim : materiały konferencji zorganizowanych w dniu 13.06.2016 roku na Wydziale Zarządzania i Ekonomiki Usług, Uniwersytetu Szczecińskiego oraz w dniu 27.06.2016 roku w Nowogardzie : praca zbiorowa /

003 -Nazwa inst., której nr kontr. jest w polu 001 [,]
    • @
    • Nazwa instytucji, której n kontrolny jest w polu 001
    • NUKAT
005 -DATA I CZAS OSTATNIEJ MODYFIKACJI [,]
    • @
    • pole kontrolne
    • 20241231110109.0
020 -Międzynarod. znormalizowany nr książki - ISBN [ , ]
    • a
    • Numer ISBN
    • 9788361350972 Find
040 -Instytucja sporządzająca opis [ , ]
    • a
    • Instytucja, która sporządziła opis (NP)
    • WR U/bk
    • c
    • Instytucja, która sporządziła rekord (NP)
    • WR U/bk
    • d
    • Instytucja, która zmodyfikowała rekord (P)
    • WR U/hb
    • d
    • Instytucja, która zmodyfikowała rekord (P)
    • WR U/bks
942 -Rodzaj dokumentu [ , ]
    • c
    • Rodzaj dokumentu
    • Książka
100 -Hasło główne - nazwa osobowa [1, ]
    • a
    • Nazwa osobowa (NP)
    • Brzychcy, Katarzyna.
    • 9
    • KHW
    • 65889
245 -Strefa tytułu i oznaczenia odpowiedzialności [1,0]
    • a
    • Tytuł
    • Przedsiębiorczość społeczna jako forma aktywności ekonomicznej i społecznej w woj. zachodniopomorskim : Find
    • b
    • Ciąg dalszy tytułu (NP)
    • materiały konferencji zorganizowanych w dniu 13.06.2016 roku na Wydziale Zarządzania i Ekonomiki Usług, Uniwersytetu Szczecińskiego oraz w dniu 27.06.2016 roku w Nowogardzie : praca zbiorowa / Find
    • c
    • Pozostałe elementy strefy tytułu i oznaczenia odpowiedzialności (NP)
    • pod redakcją Henryka Babisa ; [autorzy: Katarzyna Brzychcy, Agnieszka Budziewicz-Guźlecka, Anna Drab-Kurowska, Marcin Janowski, Adrianna Kowalska, Karolina Kujawska-Szczepańska, Anna Łukomska-Dziedzic, Wiesław M. Maziarz, Anna Turczak] ; Fundacja Inicjatyw Społeczno-Gospodarczych KOMES.
260 -Strefa adresu wydawniczego [ , ]
    • a
    • Miejsce wydania (P)
    • Szczecin :
    • b
    • Nazwa wydawcy (P)
    • Print Group,
    • c
    • Data wydania (P)
    • 2016.
300 -Strefa opisu fizycznego [ , ]
    • a
    • Określenie formy książki i/lub objętość (NP)
    • 147 s. :
    • b
    • Oznaczenie ilustracji (NP)
    • il. ;
    • c
    • Format (NP)
    • 24 cm.
336 -Typ zawartości [ , ]
    • a
    • Termin opisujący typ zawartości
    • Tekst
    • b
    • Kod określający zawartość
    • txt
    • 2
    • Źródło (terminu i kodu)
    • rdacontent
337 -Typ mediów [ , ]
    • a
    • Tryb odtwarzania
    • Bez urządzenia pośredniczącego
    • b
    • Kod typu mediów
    • n
    • 2
    • Źródło (terminu i kodu)
    • rdamedia
338 -Typ/rodzaj nośnika [ , ]
    • a
    • Hasło opisujące typ nośnika
    • Wolumin
    • b
    • Kod typu nośnika
    • nc
    • 2
    • Źródło (terminu i kodu)
    • rdacarrier
504 -Uwaga dot. bibliogr. załącznikowej [ , ]
    • a
    • Uwaga dot. bibliografii załącznikowej
    • Bibliogr. przy ref.
536 -Uwaga dot. finansowania książki [ , ]
    • a
    • Tekst uwagi
    • Publikacja została przygotowana w ramach projektu "Przedsiębiorczość społeczna jako forma aktywności ekonomicznej i społecznej w województwie zachodniopomorskim", realizowanego z Narodowym Bankiem Polskim w ramach programu edukacji ekonomicznej
650 -Hasło przedmiotowe [ ,7]
    • a
    • Hasło przedmiotowe
    • Przedsiębiorczość społeczna
    • z
    • Określnik geograficzny
    • Polska
    • z
    • Określnik geograficzny
    • Zachodniopomorskie, Województwo (1999- )
    • v
    • Określnik formalny
    • konferencje.
    • 2
    • Źródło terminu
    • kaba
    • 9
    • KHW
    • 479052
650 -Hasło przedmiotowe [ ,7]
    • a
    • Hasło przedmiotowe
    • Przedsiębiorczość (ekonomia)
    • z
    • Określnik geograficzny
    • Polska
    • z
    • Określnik geograficzny
    • Zachodniopomorskie, Województwo (1999- )
    • v
    • Określnik formalny
    • konferencje.
    • 2
    • Źródło terminu
    • kaba
    • 9
    • KHW
    • 479053
700 -Hasło dodatkowe - nazwa osobowa [1, ]
    • a
    • Nazwa osobowa (NP)
    • Babis, Henryk. Find
    • e
    • Określenie rodzaju współpracy
    • Red.
    • 9
    • KHW
    • 79
700 -Hasło dodatkowe - nazwa osobowa [1, ]
    • a
    • Nazwa osobowa (NP)
    • Budziewicz-Guźlecka, Agnieszka. Find
    • 9
    • KHW
    • 1635
700 -Hasło dodatkowe - nazwa osobowa [1, ]
    • a
    • Nazwa osobowa (NP)
    • Drab-Kurowska, Anna. Find
    • 9
    • KHW
    • 17996
700 -Hasło dodatkowe - nazwa osobowa [1, ]
    • a
    • Nazwa osobowa (NP)
    • Janowski, Marcin Find
    • c
    • Dopowiedzenie inne niż daty biograficzne (NP)
    • (ekonomia).
    • 9
    • KHW
    • 90620
700 -Hasło dodatkowe - nazwa osobowa [1, ]
    • a
    • Nazwa osobowa (NP)
    • Kowalska, Adrianna Find
    • c
    • Dopowiedzenie inne niż daty biograficzne (NP)
    • (przedsiębiorczość).
    • 9
    • KHW
    • 479207
700 -Hasło dodatkowe - nazwa osobowa [1, ]
    • a
    • Nazwa osobowa (NP)
    • Kujawska-Szczepańska, Karolina. Find
    • 9
    • KHW
    • 479208
700 -Hasło dodatkowe - nazwa osobowa [1, ]
    • a
    • Nazwa osobowa (NP)
    • Łukomska-Dziedzic, Anna. Find
    • 9
    • KHW
    • 466830
700 -Hasło dodatkowe - nazwa osobowa [1, ]
    • a
    • Nazwa osobowa (NP)
    • Maziarz, Wiesław M. Find
    • 9
    • KHW
    • 40817
700 -Hasło dodatkowe - nazwa osobowa [1, ]
    • a
    • Nazwa osobowa (NP)
    • Turczak, Anna. Find
    • 9
    • KHW
    • 479209
710 -Hasło dodatkowe - nazwa ciała zbiorowego [2, ]
    • a
    • Nazwa ciała zbiorowego lub nazwa geograficzna jako pierwszy element (NP)
    • Print Group Daniel Krzanowski.
    • 4
    • Kod relacji
    • pbl
    • 9
    • KHW
    • 78496
920 -ISBN [ , ]
    • a
    • ISBN
    • 978-83-61350-97-2 Find
Sygnatura Numer inwentarzowy Status udost. Data inwentaryzacji Lokalizacja
 E.78894-22019-02-21BE
 S.95999-22019-03-07BE
T.20922T.20922-22020-03-02T